000
00267nam a22001097a 4500
082
_a
629.74 VEH'R
100
_a
ROYAL MILITARY COLLEGE
_9
74128
245
_a
VEHICLE STUDY AND VEHICLE MACHNICS
260
_a
BIRTINA
_b
MILITARY ROYAL
_c
9999
300
_a
7P
942
_c
BK
999
_c
579699
_d
579699